Marketing and entrepreneurship in SMEs : (Record no. 1085)
[ view plain ]
| 000 -LEADER | |
|---|---|
| fixed length control field | 00713nam a22002172 4500 |
| 001 - CONTROL NUMBER | |
| control field | 0000019390 |
| 005 - DATE AND TIME OF LATEST TRANSACTION | |
| control field | 20151021151133.0 |
| 008 - FIXED-LENGTH DATA ELEMENTS--GENERAL INFORMATION | |
| fixed length control field | 101112s xx 000 0 eng d |
| 020 ## - INTERNATIONAL STANDARD BOOK NUMBER | |
| International Standard Book Number | 0131509705 : |
| 040 ## - CATALOGING SOURCE | |
| Original cataloging agency | KABU |
| Transcribing agency | KABU |
| 245 10 - TITLE STATEMENT | |
| Title | Marketing and entrepreneurship in SMEs : |
| Remainder of title | an innovative approach / |
| Statement of responsibility, etc. | David Carson ... [et al.]. |
| 250 ## - EDITION STATEMENT | |
| Edition statement | 1st ed. |
| 260 ## - PUBLICATION, DISTRIBUTION, ETC. (IMPRINT) | |
| Place of publication, distribution, etc. | Harlow, England : |
| Name of publisher, distributor, etc. | Prentice Hall, |
| Date of publication, distribution, etc. | 1995. |
| 300 ## - PHYSICAL DESCRIPTION | |
| Extent | xvi, 296 p. |
| 650 #0 - SUBJECT ADDED ENTRY--TOPICAL TERM | |
| Topical term or geographic name as entry element | Marketing |
| General subdivision | Management. |
| -- | 0000150912 |
| 650 #0 - SUBJECT ADDED ENTRY--TOPICAL TERM | |
| Topical term or geographic name as entry element | Small business |
| General subdivision | Management. |
| -- | 0000148137 |
| 700 1# - ADDED ENTRY--PERSONAL NAME | |
| Personal name | Carson, David. |
| -- | 0000179105 |
| 852 1# - LOCATION | |
| -- | p5460 KES |
| 908 ## - PUT COMMAND PARAMETER (RLIN) | |
| Put command parameter | 101112 |
| 950 ## - LOCAL HOLDINGS (RLIN) | |
| -- | 1 |
| Withdrawn status | Lost status | Source of classification or shelving scheme | Not for loan | Home library | Current library | Date acquired | Total Checkouts | Full call number | Barcode | Date last seen | Price effective from | Koha item type | Inventory number | Copy number | Date last checked out |
|---|---|---|---|---|---|---|---|---|---|---|---|---|---|---|---|
| Library of Congress Classification | Kabarak, Main Campus | Kabarak, Main Campus | 17/12/2015 | HF5415.13 .M37 1995 c. 1 | 23478 | 17/12/2015 | 17/12/2015 | General Collection | |||||||
| Library of Congress Classification | Kabarak, Main Campus | Kabarak, Main Campus | 16/03/2018 | HF5415.13 .M37 1995 c. 2 | 024748 | 16/03/2018 | 16/03/2018 | General Collection | 2018/2131 | C. 2 | |||||
| Library of Congress Classification | Kabarak, Nakuru City Campus | Kabarak, Nakuru City Campus | 21/10/2015 | KTC HF5415.13 .M37 1995 c. 1 | 23249 | 21/10/2015 | 21/10/2015 | General Collection | |||||||
| Library of Congress Classification | Kabarak, Nakuru City Campus | Kabarak, Nakuru City Campus | 16/03/2018 | 1 | KTC HF5415.13 .M37 1995 c. 2 | 024750 | 17/08/2018 | 16/03/2018 | General Collection | 2018/2130 | C. 2 | 20/07/2018 |